| 000 | 00670nam a2200205 a 4500 | ||
|---|---|---|---|
| 001 | 000022918 | ||
| 005 | 20200930021854.0 | ||
| 008 | 101122s1996 mx r 000 | spa d | ||
| 020 | _a9688564222 | ||
| 040 |
_aDO-SdBNP _bspa _cBNPHU |
||
| 082 |
_axxx _bL864n |
||
| 100 | 1 |
_aLópez y Rivas, Gilberto _947119 |
|
| 245 | 1 | 0 |
_aNación y pueblos indios en el neoliberalismo / _cGilberto López y Rivas; prólogo, Ilán Semo Groman. |
| 250 | _a2a ed. corr. y aumentada | ||
| 260 |
_aMéxico D. F. : _bPlaza y Valdés, _c1996. |
||
| 300 |
_axxiv, 166 p. : _bil. ; _c21 cm. |
||
| 500 | _aIncluye bibliografía | ||
| 700 | 1 |
_aSemo Groman, Ilán _bpról. _947120 |
|
| 049 | _aBNGR | ||
| 999 |
_c22415 _d22415 |
||